1109 1341 1157 1657 1926 1108 1092 1797 1437 1092 1725 1680 1979 1687 1268 1441 1358 1951 1200 1829 1880 1468 1412 1334 1542 1842 1296 1709 1559 1864 1444 1205 1087 1318 1763 1414 1084 1615 1145 1346 1375 1956 1709 1946 1059 1095 1114 1306 1456 1490 1772 1863 1785 1354 1427 1618 1888 1473 1238 1865 1227 1801 1260 1543 1731 1937 1937 1359 1277 1651 1413 1507 1843 1899 1398 1378 1724 1968 1284 1701 1544 1517 1437 1201 1589 1419 1121 1304 1905 1044 1966 1929 1600 1673 1407 1899 1010 1431 1292 BCNSPRNW ULIB Ver.6.0+V

เปลี่ยนเป็นภาษาไทย

Change to English
 แสดงรายละเอียดบรรณานุกรม
  กลับหน้าหลัก

Brief Record : Get Marc (ISO 2709) : E-mail record : QR code < ปิดหน้าต่าง
LEADER : 00000nam 2200000uu 4500
001    13399120345
003     ULIB
008    120918s2552||||th 000 0 tha d
020    ^a9789740325574
060 04 ^aWY157^bส839ก 2552
100 0  ^aสุภาวดี เครือโชติกุล
245 10 ^aการพยาบาลสูติศาสตร์ :^bภาวะแทรกซ้อนระหว่างตั้งครรภ์ =Nursing obstetrics complication during pregnancy /^cสุภาวดี เครือโชติกุล
246 31 ^aNursing obstetrics complication during pregnancy
250    ^aพิมพ์ครั้งที่ 2
260    ^aกรุงเทพฯ :^bสำนักพิมพ์แห่งจุฬาลงกรณ์มหาวิทยาลัย,^c2552
300    ^a195 หน้า :^bภาพประกอบ ;^c26 ซม.
650  7 ^aการคลอด
650  7 ^aการพยาบาลสูติศาสตร์
650  7 ^aครรภ์
650  7 ^aภาวะแทรกซ้อนขณะตั้งครรภ์
945    ^p170^l0^i17134
945    ^p170^l0^i17135
945    ^p170^l0^i17136
995    ^aวิภา
999 ^a ใช้งานได้ทุกระบบ
รายการนี้ยังไม่มีแท็ก
คุณยังไม่ได้ล็อกอิน คุณสามารถมีกิจกรรมร่วมกับเว็บไซต์ได้ แต่ต้องล็อกอินก่อน ::
  ล็อกอิน

รายการสื่อสารสนเทศ

ลำดับที่ ประเภท เลขเรียก/บาร์โค้ด สถานที่ สถานะ
1. วิทยาศาสตร์การแพทย์ และสุขภาพ
วิทยาศาสตร์การแพทย์ และสุขภาพ
สถานะ=หนังสือเก่า
WY157 ส839ก 2552 ฉ.2 
  Barcode: 17135
ห้องสมุดวิทยาเขตนครสวรรค์
►ส่วนจัดเก็บหนังสือเก่า นว.
บนชั้น
  ขอยืม

รายการใกล้เคียง
    ผู้แต่ง [สุภาวดี เครือโชติกุล]

    หัวเรื่อง [การคลอด]
    หัวเรื่อง [การพยาบาลสูติศาสตร์]
    หัวเรื่อง [ครรภ์]
    หัวเรื่อง [ภาวะแทรกซ้อนขณะตั้งครรภ์]

BibComment


ยังไม่เคยถูกคอมเมนท์

คอมเมนท์ทรัพยากรรายการนี้
  คอมเมนท์: การพยาบาลสูติศาส..


 Copyright 2026. Bcnsprnw @Library